000 01137njm a22003017a 4500
005 2010092001021.0
006 a|||||r|||||00| 0
007 sd ammalaaahaa
008 100913t xxu||||| |||| 00| 0 hin d
028 _aSFLP-1117
_bSuper
035 _aGR-03919
040 _aSED/VEN
100 _aKishor Kumar
_91184
245 _aNazrana /
_cby Kishor Kumar ;music by LaxmiKant Pyarelal ; lyric by Anad Bakshi
_h[sound recording] :
246 _aनजराना / किशोर कुमार
260 _aDum Dum India
_bHis master's voice
_c1986
300 _a1 sound disc [Gramophone record] :
_banalog, 33 1/3 rpm
_c12.5 in. (LP)
_fGramophone Record
500 _aBrief Record
500 _aRecord label :Super, Magenta
505 _aSide 1 (Isse pehle) (Kishor Kumar); Side--2 (Kah de jamane se)(Anuradha Paudwal)
600 _aMangeskar, lata
_919992
650 _aFilm Music
_xExcerpts
_zIndia
_920525
650 _920526
700 _919604
_aLaxmiKant Pyarelal
700 _919605
_a Anad Bakshi
942 _2ddc
_cGR
999 _c46947
_d46947